000 00393 a2200121 4500
001 ART_11549
005 20260410161858.0
008 260409a
245 1 0 _aAmenities and property values in a model of an urban area
100 1 _aPolinsky, A. Mitchell
700 1 _aShavell, Steven
773 0 _tJournal of public economics
_g- Vol. 5, NÂș 1/2 (ene./feb. 1976)
_wREV11485
999 _c25630
_d25630